000 00694cab a2200229 4500
001 WB3301-24
008 090401t1997 xxu||||| |||| 00| 0 eng d
035 _a(Sirsi) u12880
041 _aeng
245 _aHedgerow saved
260 _c1997
350 _a0
490 _aTimes
_v3 January 1997, 3(1)
520 _aAn amateur litigant has won his court action to protect a hawthorn hedge near his home in Flamborough. Mr Seymour claimed the hedge was protected by the Flamborough Enclosure Act of 1765.
650 _aENCLOSURE ACT 1765
650 _aGRAZING RIGHTS
650 _aHEDGEROWS
690 _aCONSERVATION
690 _aRURAL PRACTICE
942 _n0
948 _c04/03/1997
999 _c8266
_d8266